00423nam a2200169Ia 4500003000900000008004100009040001600050080001600066100001600082245002700098260002900125300001500154650001300169650004100182650001500223650001500238IN-BaIIA211028s9999 xx 000 0 eng d cIIA Library a550.34bMIL aMilne, John 0aSeismologycJohn Milne aLondonbKegan Paulc1898 axvi, 319p. aArchives aAstronomy and Astrophysics Thesaurus aGeophysics aSeismology